| 000 | 01754nam a2200481 i 4500 | ||
|---|---|---|---|
| 001 | 23166 | ||
| 003 | KOSZ 005 | ||
| 005 | 20221028085435.0 | ||
| 008 | 981103s1986 pl a |000 0 pol | ||
| 015 | _aUWD 1986/8725 | ||
| 035 | _a991007826199705066 | ||
| 035 | _a(PL-WaBN)b12027066-48omnis_nlop | ||
| 035 | _ab12027066 | ||
| 035 | _a(OCoLC)749616420 | ||
| 035 | _a(PL)b0000001202706 | ||
| 035 | _a(EXLNZ-48OMNIS_NETWORK)9910171815305606 | ||
| 040 |
_aWA N _cWA N _dKR U _dKOSZ 005/HR |
||
| 041 | 0 | _apol | |
| 046 | _k1989 | ||
| 080 | _a621.93 | ||
| 080 | _a678.6 | ||
| 100 | 1 |
_aWoźniak, Kazimierz _c(inżynieria materiałowa) _eAutor |
|
| 245 | 1 | 0 |
_aTechnologiczne podstawy wytwarzania i użytkowania przecinaków ściernicowych o spoiwie żywicznym / _cKazimierz Woźniak. |
| 260 |
_aKoszalin : _bWydawnictwo Uczelniane WSI, _c1986. |
||
| 300 |
_a100 s. : _brys., wykr. ; _c24 cm. |
||
| 336 |
_aTekst _btxt _2rdacontent |
||
| 337 |
_aBez urządzenia pośredniczącego _bn _2rdamedia |
||
| 338 |
_aWolumin _bnc _2rdacarrier |
||
| 380 | _aKsiążki | ||
| 388 | _a1901-2000 | ||
| 388 | _a1945-1989 | ||
| 490 | 1 |
_aMonografie / Wyższa Szkoła Inżynierska w Koszalinie, _x0239-7129 ; _v19 |
|
| 504 | _aBibliogr. s. 97-98. | ||
| 650 | 7 |
_aCięcie metali _2DBN |
|
| 650 | 7 |
_aNarzędzia _2DBN |
|
| 650 | 7 |
_aŻywice syntetyczne _2DBN |
|
| 658 | _aInżynieria i technika | ||
| 710 | 2 |
_aWydawnictwo Uczelniane (Wyższa Szkoła Inżynierska ; Koszalin) _4pbl |
|
| 830 | 0 |
_aMonografie - Wyższa Szkoła Inżynierska, Koszalin _v19 |
|
| 856 |
_uhttp://koha.tu.koszalin.pl/cgi-bin/koha/opac-detail.pl?biblionumber=23166 _yKatalog online BPK |
||
| 942 |
_2UKD _cKS |
||
| 999 |
_c23166 _d23166 |
||